<?xml version="1.0" encoding="UTF-8"?>
<collection xmlns="http://www.loc.gov/MARC21/slim">
    <record>
        <controlfield tag="001">47405</controlfield>
        <controlfield tag="005">20210121114535.0</controlfield>
        <datafield tag="024" ind1="8" ind2=" ">
            <subfield code="2">sideral</subfield>
            <subfield code="a">89946</subfield>
        </datafield>
        <datafield tag="037" ind1=" " ind2=" ">
            <subfield code="a">ART-2015-89946</subfield>
        </datafield>
        <datafield tag="041" ind1=" " ind2=" ">
            <subfield code="a">spa</subfield>
        </datafield>
        <datafield tag="100" ind1=" " ind2=" ">
            <subfield code="0">(orcid)0000-0001-8115-0649</subfield>
            <subfield code="a">García-González, L.</subfield>
            <subfield code="u">Universidad de Zaragoza</subfield>
        </datafield>
        <datafield tag="245" ind1=" " ind2=" ">
            <subfield code="a">Soporte de autonomía en Educación Física: Evidencias para mejorar el proceso de enseñanza.</subfield>
        </datafield>
        <datafield tag="260" ind1=" " ind2=" ">
            <subfield code="c">2015</subfield>
        </datafield>
        <datafield tag="506" ind1="0" ind2=" ">
            <subfield code="a">Access copy available to the general public</subfield>
            <subfield code="f">Unrestricted</subfield>
        </datafield>
        <datafield tag="520" ind1="3" ind2=" ">
            <subfield code="a">Las experiencias del alumnado en Educación Física están determinadas por la intervención del docente, que puede ejercer su labor desde un extremo controlador hasta otro basado en el soporte de autonomía (Moreno- Murcia, Conde &amp; Sáenz-López, 2012). En este sentido, el presente estudio pretende evaluar la influencia del soporte de autonomía en Educación Física durante una unidad didáctica de orientación deportiva, sobre la autonomía percibida por los alumnos, la diversión y el aburrimiento. Participaron 113 alumnos de 3o de Educación Secundaria Obligatoria de un centro público (M edad = 14.83, DT = 0.72). Las variables estudiadas e instrumentos utilizados fueron el soporte de autonomía a través del cuestionario ASCQ (Conde, Sáenz-López, Carmona, González-Cutre, Martínez &amp; Moreno, 2010) adaptado a la Educación Física, la autonomía percibida a través del factor autonomía de la escala BPNES (More- no, González-Cutre, Chillón &amp; Parra, 2008), y la diversión y el aburrimiento experimentados a través de la escala CDPD (Cecchini, González, Carmona &amp; Contreras, 2004). Los resultados señalan que en este contenido existe una relación directa del “interés en la opinión del alumnado” sobre la diversión y el aburrimiento. Asimismo, la “valoración del comportamiento autónomo” incide sobre la autonomía percibida, y ésta sobre la diversión y el aburrimiento de manera positiva y negativa respec- tivamente. De este trabajo se desprende la importancia del soporte de autonomía generado por el docente y la necesidad de implementar estrategias específicas para cada contenido curricular.</subfield>
        </datafield>
        <datafield tag="540" ind1=" " ind2=" ">
            <subfield code="9">info:eu-repo/semantics/openAccess</subfield>
            <subfield code="a">by</subfield>
            <subfield code="u">http://creativecommons.org/licenses/by/3.0/es/</subfield>
        </datafield>
        <datafield tag="592" ind1=" " ind2=" ">
            <subfield code="a">0.123</subfield>
            <subfield code="b">2015</subfield>
        </datafield>
        <datafield tag="593" ind1=" " ind2=" ">
            <subfield code="a">Health (social science)</subfield>
            <subfield code="c">2015</subfield>
            <subfield code="d">Q4</subfield>
        </datafield>
        <datafield tag="593" ind1=" " ind2=" ">
            <subfield code="a">Sports Science</subfield>
            <subfield code="c">2015</subfield>
            <subfield code="d">Q4</subfield>
        </datafield>
        <datafield tag="593" ind1=" " ind2=" ">
            <subfield code="a">Physical Therapy, Sports Therapy and Rehabilitation</subfield>
            <subfield code="c">2015</subfield>
            <subfield code="d">Q4</subfield>
        </datafield>
        <datafield tag="655" ind1=" " ind2="4">
            <subfield code="a">info:eu-repo/semantics/article</subfield>
            <subfield code="v">info:eu-repo/semantics/publishedVersion</subfield>
        </datafield>
        <datafield tag="700" ind1=" " ind2=" ">
            <subfield code="0">(orcid)0000-0001-9126-5976</subfield>
            <subfield code="a">Aibar, A.</subfield>
            <subfield code="u">Universidad de Zaragoza</subfield>
        </datafield>
        <datafield tag="700" ind1=" " ind2=" ">
            <subfield code="0">(orcid)0000-0002-2077-1983</subfield>
            <subfield code="a">Sevil, J.</subfield>
            <subfield code="u">Universidad de Zaragoza</subfield>
        </datafield>
        <datafield tag="700" ind1=" " ind2=" ">
            <subfield code="a">Almolda, F.J.</subfield>
        </datafield>
        <datafield tag="700" ind1=" " ind2=" ">
            <subfield code="0">(orcid)0000-0002-7076-6621</subfield>
            <subfield code="a">Julián, J.A.</subfield>
            <subfield code="u">Universidad de Zaragoza</subfield>
        </datafield>
        <datafield tag="710" ind1="2" ind2=" ">
            <subfield code="1">3001</subfield>
            <subfield code="2">187</subfield>
            <subfield code="a">Universidad de Zaragoza</subfield>
            <subfield code="b">Dpto. Expres.Music.Plást.Corp.</subfield>
            <subfield code="c">Área Didáctica Expres.Corporal</subfield>
        </datafield>
        <datafield tag="773" ind1=" " ind2=" ">
            <subfield code="g">10, 29 (2015), 103-111</subfield>
            <subfield code="p">Cult. cienc. deporte</subfield>
            <subfield code="t">CULTURA CIENCIA Y DEPORTE</subfield>
            <subfield code="x">1696-5043</subfield>
        </datafield>
        <datafield tag="856" ind1="4" ind2="1">
            <subfield code="u">http://www.redalyc.org/articulo.oa?id=163042539002</subfield>
            <subfield code="z">Texto completo de la revista</subfield>
        </datafield>
        <datafield tag="856" ind1="4" ind2=" ">
            <subfield code="s">260735</subfield>
            <subfield code="u">http://zaguan.unizar.es/record/47405/files/texto_completo.pdf</subfield>
            <subfield code="y">Versión publicada</subfield>
        </datafield>
        <datafield tag="856" ind1="4" ind2=" ">
            <subfield code="s">23142</subfield>
            <subfield code="u">http://zaguan.unizar.es/record/47405/files/texto_completo.jpg?subformat=icon</subfield>
            <subfield code="x">icon</subfield>
            <subfield code="y">Versión publicada</subfield>
        </datafield>
        <datafield tag="909" ind1="C" ind2="O">
            <subfield code="o">oai:zaguan.unizar.es:47405</subfield>
            <subfield code="p">articulos</subfield>
            <subfield code="p">driver</subfield>
        </datafield>
        <datafield tag="951" ind1=" " ind2=" ">
            <subfield code="a">2021-01-21-11:12:57</subfield>
        </datafield>
        <datafield tag="980" ind1=" " ind2=" ">
            <subfield code="a">ARTICLE</subfield>
        </datafield>
    </record>

    
</collection>